A Field Guide to the (Wetter) Zambian: (Record no. 190)
[ view plain ]
| 000 -LEADER | |
|---|---|
| fixed length control field | 00678nam a22002297a 4500 |
| 005 - DATE AND TIME OF LATEST TRANSACTION | |
| control field | 20230220103519.0 |
| 008 - FIXED-LENGTH DATA ELEMENTS--GENERAL INFORMATION | |
| fixed length control field | 230220b |||||||| |||| 00| 0 eng d |
| 020 ## - INTERNATIONAL STANDARD BOOK NUMBER | |
| International Standard Book Number | 9781949677201 (pbk) |
| 040 ## - CATALOGING SOURCE | |
| Original cataloging agency | KMU |
| Transcribing agency | KMU |
| 050 ## - LIBRARY OF CONGRESS CALL NUMBER | |
| Classification number | SD 242.Z33.Y65 Vol 2020 |
| 100 ## - MAIN ENTRY--PERSONAL NAME | |
| Personal name | Vollesen Kaj |
| 245 ## - TITLE STATEMENT | |
| Title | A Field Guide to the (Wetter) Zambian: |
| Remainder of title | Miombo Woodland/ |
| Statement of responsibility, etc. | Kaj Vollesen,Lari Merrett, Paul Smith and Noah Zimba |
| 260 ## - PUBLICATION, DISTRIBUTION, ETC. | |
| Place of publication, distribution, etc. | Lusaka: |
| Name of publisher, distributor, etc. | Mike Merrett & Lari Merrett, |
| Date of publication, distribution, etc. | 2020 |
| 300 ## - PHYSICAL DESCRIPTION | |
| Extent | 1020 pages.: |
| Other physical details | ill.; |
| Dimensions | 28cm |
| 650 ## - SUBJECT ADDED ENTRY--TOPICAL TERM | |
| Topical term or geographic name entry element | woodland |
| 650 ## - SUBJECT ADDED ENTRY--TOPICAL TERM | |
| Topical term or geographic name entry element | Ferns |
| 650 ## - SUBJECT ADDED ENTRY--TOPICAL TERM | |
| Topical term or geographic name entry element | Monocots |
| 700 ## - ADDED ENTRY--PERSONAL NAME | |
| Personal name | Merrett Lari |
| 700 ## - ADDED ENTRY--PERSONAL NAME | |
| Personal name | Smith Paul |
| 700 ## - ADDED ENTRY--PERSONAL NAME | |
| Personal name | Zimba Noah |
| 942 ## - ADDED ENTRY ELEMENTS (KOHA) | |
| Source of classification or shelving scheme | Library of Congress Classification |
| Koha item type | Non-Fiction |
| Suppress in OPAC | No |
| Withdrawn status | Lost status | Source of classification or shelving scheme | Materials specified (bound volume or other part) | Damaged status | Not for loan | Collection | Home library | Current library | Shelving location | Date acquired | Source of acquisition | Total Checkouts | Full call number | Barcode | Date last seen | Date last checked out | Price effective from | Koha item type |
|---|---|---|---|---|---|---|---|---|---|---|---|---|---|---|---|---|---|---|
| Library of Congress Classification | Part 1 | Non-fiction | Kapasa Makasa University | Kapasa Makasa University | Open Access | 20.02.2023 | Purchased | 2 | SD 242.Z33.Y65 Vol 2020 | 300156 | 04.06.2025 | 18.03.2025 | 20.02.2023 | Non-Fiction | ||||
| Library of Congress Classification | Part 2 | Non-fiction | Kapasa Makasa University | Kapasa Makasa University | Open Access | 20.02.2023 | Purchased | SD 242.Z33.Y65 Vol 2020 | 300155 | 20.02.2023 | 20.02.2023 | Non-Fiction |